|
|
|
|
| LEADER |
00874nam a2200241 a 4500 |
| 001 |
12549221 |
| 003 |
BD-DhAAL |
| 008 |
090909s2000 bg a b i000 0 eng d |
| 999 |
|
|
|c 3862
|d 3862
|
| 020 |
|
|
|a 9840515713
|
| 040 |
|
|
|a DLC
|c DLC
|d BD-DhAAL
|
| 082 |
0 |
0 |
|a 370/.9549/2
|2 21
|
| 245 |
0 |
0 |
|a Bangladesh education sector review.
|
| 260 |
|
|
|a Dhaka :
|b Published for the World Bank by University Press,
|c 2000.
|
| 300 |
|
|
|a vii, 96 pages :
|b illustrations ;
|c 28 cm.
|
| 362 |
0 |
|
|a Vol. II
|
| 504 |
|
|
|a Includes bibliographical references.
|
| 541 |
1 |
|
|e 15388
|
| 650 |
|
0 |
|a Education
|z Bangladesh.
|9 36474
|
| 710 |
2 |
|
|a World Bank.
|9 36475
|
| 852 |
4 |
|
|a Ayesha Abed Library
|j General Stacks
|
| 942 |
|
|
|2 ddc
|c BK
|
| 952 |
|
|
|0 0
|1 0
|2 ddc
|4 0
|6 370_954920000000000_BAN_2000
|7 0
|9 3514
|a BRACUL
|b BRACUL
|c GEN
|d 2009-09-13
|g 735.00
|l 2
|m 5
|o 370.95492 BAN
|p 3010015388
|r 2016-03-29
|s 2016-03-01
|t 1
|w 2009-09-13
|y BK
|